[Event "Pocos de Caldas op"]
[Site "Pocos de Caldas"]
[Date "2023.03.17"]
[Round "1"]
[White "Bornelli, David Caixeta"]
[Black "De Souza, Mayara Cardozo Lima"]
[Result "1-0"]
[WhiteElo "1848"]
[BlackElo "1151"]
[PlyCount "49"]
[EventDate "2023.03.17"]
[EventType "swiss"]
[EventRounds "6"]
[EventCountry "BRA"]
[SourceTitle "EXT 2024"]
[Source "ChessBase"]
[SourceDate "2023.10.10"]
[SourceVersion "1"]
[SourceVersionDate "2023.10.10"]
[SourceQuality "1"]

1. e4 d5 2. exd5 Qxd5 3. Nc3 Qd8 4. d4 Nf6 5. Nf3 e6 6. Be2 Nc6 7. 0-0 Be7 8. h3 0-0 9. Bf4 Bd6 10. Bg5 Be7 11. Qd2 Re8 12. Rad1 Nd5 13. Bxe7 Ncxe7 14. Rfe1 b6 15. Ne5 Bb7 16. Nxd5 exd5 17. Bh5 g6 18. Ng4 Qd6 19. Nh6+ Kf8 20. Bf3 Rad8 21. Ng4 c5 22. dxc5 Qxc5 23. Qh6+ Kg8 24. Nf6+ Kh8 25. Qxh7# 1-0

[Event "Mogi Guacu op"]
[Site "Mogi Guacu"]
[Date "2022.04.30"]
[Round "2"]
[White "Pittoli Murakami, Vinicius Eduardo Mo"]
[Black "Bornelli, David Caixeta"]
[Result "1/2-1/2"]
[WhiteElo "1861"]
[BlackElo "1936"]
[PlyCount "93"]
[EventDate "2022.04.29"]
[EventType "swiss"]
[EventRounds "6"]
[EventCountry "BRA"]
[SourceTitle "CBM 208 Extra"]
[Source "ChessBase"]
[SourceDate "2022.07.31"]
[SourceVersion "1"]
[SourceVersionDate "2022.07.31"]
[SourceQuality "1"]

1. e4 Nf6 2. e5 Nd5 3. d4 d6 4. c4 Nb6 5. exd6 cxd6 6. Nf3 g6 7. h3 Bg7 8. Nc3 0-0 9. Be2 e5 10. dxe5 dxe5 11. Bg5 Qxd1+ 12. Rxd1 Na6 13. 0-0 Be6 14. b3 f6 15. Be3 Rfd8 16. Bxb6 axb6 17. Na4 Rxd1 18. Rxd1 Nc5 19. Nxc5 bxc5 20. Rd2 Kf8 21. g4 Ke7 22. Ne1 Bh6 23. Rc2 b6 24. Nd3 e4 25. Ne1 f5 26. Kg2 f4 27. f3 e3 28. Nd3 g5 29. a4 Bg7 30. Rc1 Bf7 31. h4 h6 32. hxg5 hxg5 33. Ne1 Rd8 34. Rd1 Bc3 35. Rxd8 Kxd8 36. Kf1 Bxe1 37. Kxe1 Bg6 38. Kd1 Kd7 39. Kc1 Kd6 40. Kb2 Ke5 41. Kc3 Bb1 42. Bf1 Bg6 43. Be2 Be8 44. Bf1 Bd7 45. Kd3 Be8 46. Be2 Bc6 47. Bd1 1/2-1/2

[Event "Mogi Guacu op"]
[Site "Mogi Guacu"]
[Date "2022.04.29"]
[Round "1"]
[White "Bornelli, David Caixeta"]
[Black "De Oliveira Silva, Emilly Vitoria"]
[Result "1-0"]
[WhiteElo "1936"]
[BlackElo "1827"]
[PlyCount "49"]
[EventDate "2022.04.29"]
[EventType "swiss"]
[EventRounds "6"]
[EventCountry "BRA"]
[SourceTitle "CBM 208 Extra"]
[Source "ChessBase"]
[SourceDate "2022.07.31"]
[SourceVersion "1"]
[SourceVersionDate "2022.07.31"]
[SourceQuality "1"]

1. e4 e5 2. Nf3 Nc6 3. d4 exd4 4. Nxd4 Bc5 5. Be3 Nge7 6. Nxc6 Bxe3 7. Nxd8 Bxf2+ 8. Kxf2 Kxd8 9. Bc4 f5 10. exf5 Nxf5 11. Re1 Re8 12. Rxe8+ Kxe8 13. Qh5+ Kd8 14. Qxf5 c6 15. Nc3 d5 16. Qf8+ Kc7 17. Bxd5 b6 18. Qxg7+ Bd7 19. Nb5+ Kd8 20. Qf8+ Be8 21. Qd6+ Bd7 22. Bxc6 Ke8 23. Qxd7+ Kf8 24. Nd6 Kg8 25. Bd5+ 1-0

[Event "Pocos de Caldas op"]
[Site "Pocos de Caldas"]
[Date "2022.03.13"]
[Round "5"]
[White "Rodrigues, Julliano de Araujo"]
[Black "Bornelli, David Caixeta"]
[Result "0-1"]
[WhiteElo "1849"]
[BlackElo "1914"]
[PlyCount "102"]
[EventDate "2022.03.11"]
[EventType "swiss"]
[EventRounds "6"]
[EventCountry "BRA"]
[SourceTitle "CBM 207 Extra"]
[Source "ChessBase"]
[SourceDate "2022.05.31"]
[SourceVersion "1"]
[SourceVersionDate "2022.05.31"]
[SourceQuality "1"]

1. d4 Nf6 2. Nf3 e6 3. c4 Bb4+ 4. Bd2 Qe7 5. g3 Nc6 6. Nc3 Bxc3 7. Bxc3 Ne4 8. Bg2 0-0 9. 0-0 d6 10. Qc2 Nxc3 11. Qxc3 a5 12. e4 e5 13. d5 Nb8 14. Nd2 Bg4 15. b3 b6 16. a3 c5 17. b4 Qc7 18. Rfb1 Nd7 19. f3 Bh5 20. b5 Bg6 21. g4 Qd8 22. Qe3 h6 23. Nf1 Qh4 24. Qf2 Qg5 25. h4 Qf4 26. Ng3 Nf6 27. Rd1 Nd7 28. Bh3 Rfd8 29. Kg2 Qf6 30. h5 Bh7 31. Qe3 Qf4 32. Qxf4 exf4 33. Ne2 Ne5 34. Rac1 g5 35. Kf2 Re8 36. Rc2 Nxf3 37. Nc3 Ne5 38. Na4 Bxe4 39. Re2 Nxc4 40. Rde1 Ne3 41. Nxb6 Ra7 42. Rxe3 fxe3+ 43. Rxe3 Rae7 44. Nc4 Bxd5 45. Rxe7 Rxe7 46. Nxd6 Re6 47. Nf5 Be4 48. Ne3 Bd3 49. a4 c4 50. Bg2 c3 51. Bd5 c2 0-1